[Event "NEP-chB"]
[Site "Bhaktapur"]
[Date "2023.02.08"]
[Round "9"]
[White "Jaiswal, Rupesh"]
[Black "Silwal, Purushottam"]
[Result "1/2-1/2"]
[WhiteElo "2130"]
[BlackElo "1715"]
[PlyCount "189"]
[EventDate "2023.02.04"]
[EventType "swiss"]
[EventRounds "9"]
[EventCountry "NEP"]
[SourceTitle "EXT 2024"]
[Source "ChessBase"]
[SourceDate "2023.10.10"]
[SourceVersion "1"]
[SourceVersionDate "2023.10.10"]
[SourceQuality "1"]

1. d4 Nf6 2. Bf4 g6 3. e3 Bg7 4. Nf3 d6 5. Be2 Nh5 6. Bg5 h6 7. Bh4 g5 8. Nfd2 Nf4 9. exf4 gxh4 10. c3 c5 11. dxc5 dxc5 12. Bb5+ Kf8 13. Na3 a6 14. Be2 b5 15. Nf3 Qc7 16. Qd2 Nc6 17. 0-0 Be6 18. Qe3 Rc8 19. Nxh4 Bf6 20. Ng6+ fxg6 21. Qxe6 b4 22. Rad1 Nd8 23. Rxd8+ Qxd8 24. Rd1 Qe8 25. Nc4 Rd8 26. Ne3 Rxd1+ 27. Bxd1 Kg7 28. Bb3 a5 29. g3 Rf8 30. h4 a4 31. Bc2 Qf7 32. Qe4 Rb8 33. Bxa4 bxc3 34. bxc3 Bxc3 35. Bb3 Qf8 36. h5 gxh5 37. Bc2 Qf7 38. Qh7+ Kf8 39. Qxh6+ Bg7 40. Qg5 c4 41. Bg6 Qf6 42. Qxh5 c3 43. Nd5 Qe6 44. Nc7 Qd7 45. Bf5 Qxc7 46. Be6 Rb1+ 47. Kh2 Rh1+ 48. Kxh1 Qc6+ 49. Bd5 Qf6 50. Be4 c2 51. Bxc2 Qc6+ 52. Kg1 Qxc2 53. Qd5 Bf6 54. Kg2 Bc3 55. Qd8+ Kf7 56. Qd5+ Kg7 57. Qg5+ Kf8 58. Qh6+ Bg7 59. Qa6 Qe4+ 60. Kh3 Kf7 61. Kg4 Bf6 62. f3 Qh7 63. Qc4+ Kg7 64. f5 Qh6 65. Qf4 Qh2 66. a4 Qh8 67. Qc4 Qd8 68. Kh5 Qd1 69. Kg4 Be5 70. Qe4 Qd6 71. f4 Bf6 72. Kh3 Qa3 73. Kg2 Qb2+ 74. Kh3 Qa2 75. g4 Qa3+ 76. Kg2 Bh4 77. Qf3 Qxa4 78. Kh3 Be1 79. g5 Qb5 80. Kg4 Bb4 81. Qe4 Bd6 82. Qe6 Qb4 83. f6+ Kf8 84. fxe7+ Ke8 85. Qf6 Qxf4+ 86. Qxf4 Bxf4 87. Kxf4 Kxe7 88. Kg4 Kf7 89. Kh5 Kg7 90. g6 Kg8 91. Kg5 Kg7 92. Kf5 Kg8 93. Kf6 Kf8 94. g7+ Kg8 95. Kg6 1/2-1/2

[Event "Sheikh Kamal Online Inv"]
[Site "Tornelo INT"]
[Date "2021.08.28"]
[Round "6"]
[White "Md, Sariatullah"]
[Black "Silwal, Purushottam"]
[Result "0-1"]
[WhiteElo "1990"]
[BlackElo "1674"]
[PlyCount "94"]
[EventDate "2021.08.27"]
[EventType "tourn (rapid)"]
[EventRounds "9"]
[EventCountry "BAN"]
[SourceTitle "CBM 204 Extra"]
[Source "ChessBase"]
[SourceDate "2021.11.30"]
[SourceVersion "1"]
[SourceVersionDate "2021.11.30"]
[SourceQuality "1"]

1. e4 c5 2. Nf3 d6 3. d4 cxd4 4. Nxd4 Nf6 5. Nc3 g6 6. f4 Nc6 7. Be3 Bg7 8. Be2 0-0 9. Qd2 Nxd4 10. Bxd4 e5 11. Be3 exf4 12. Bxf4 Re8 13. 0-0-0 Nxe4 14. Nxe4 Rxe4 15. Bxd6 Rd4 16. Qxd4 Bxd4 17. Rxd4 Be6 18. Rhd1 Qg5+ 19. Bf4 Qxg2 20. R1d2 Bg4 21. Bh6 Qxe2 22. Rxe2 Bxe2 23. Rd7 Bf3 24. b3 Bc6 25. Rc7 Re8 26. Kb2 Bd5 27. c4 Bc6 28. a4 f5 29. Ka3 a5 30. b4 axb4+ 31. Kxb4 Ra8 32. a5 Be4 33. Rg7+ Kh8 34. Rc7 Re8 35. h4 Bf3 36. Kb5 Bc6+ 37. Kc5 Ra8 38. Kd6 Kg8 39. Ke6 Be4 40. Rg7+ Kh8 41. Rc7 Kg8 42. Kf6 Rd8 43. Rg7+ Kh8 44. Rc7 Kg8 45. Ke7 Ra8 46. Kf6 Ra6+ 47. Kg5 Rxa5 0-1

[Event "Hetauda Metropolitan-ch U21"]
[Site "Hetauda"]
[Date "2021.03.25"]
[Round "2"]
[White "Bk, Santoshi"]
[Black "Silwal, Purushottam"]
[Result "0-1"]
[WhiteElo "1197"]
[BlackElo "1462"]
[PlyCount "58"]
[EventDate "2021.03.24"]
[EventType "swiss"]
[EventRounds "7"]
[EventCountry "NEP"]
[SourceTitle "EXT 2022"]
[Source "ChessBase"]
[SourceDate "2021.10.06"]
[SourceVersion "1"]
[SourceVersionDate "2021.10.06"]
[SourceQuality "1"]

1. e4 c5 2. Nf3 d6 3. Nc3 Nf6 4. Bc4 e6 5. d3 Nc6 6. Bg5 Be7 7. Qd2 a6 8. a4 0-0 9. 0-0 Bd7 10. h3 Na5 11. Ba2 b5 12. Bb1 b4 13. Ne2 Qc7 14. Re1 Rfe8 15. Ng3 Nc6 16. c3 bxc3 17. Qxc3 h6 18. Bxf6 Bxf6 19. Qc2 Rab8 20. e5 Nxe5 21. Nxe5 Bxe5 22. d4 Bxd4 23. Qh7+ Kf8 24. Ra2 Qa5 25. Re2 Be5 26. Nh5 Ke7 27. Qd3 c4 28. Qxc4 Rec8 29. Qd3 Rc1+ 0-1